000 00845nam a22002777a 4500
001 BR7503843
003 BR-BrBNA
005 20230928084830.0
007 ta
008 230509b bl.||||| |||| 00| 0 por d
040 _aBR-BrBNA
_bpor
_cBiblioteca Nacional de Agricultura
041 _a(Por)
072 _aP10; F28
_b/G514
090 _ P10 BR7503843
110 1 _aDepartamento Nacional de Obras de Saneamento, Vale do Itajai, SC (Brasil)
_93335
245 1 _aPrograma especial de controle de enchentes e recuperacao de vales [Brasil]
260 3 _aVale do Itajai, SC (Brasil):
_c1975.
300 _a30 p.
500 _a9 tables; 7 tables
650 _aENCHENTE
650 _aCONTROLE DE INUNDACAO
650 _aRECUPERACAO DO SOLO
650 _aPROJETO DE DESENVOLVIMENTO
909 _a202309
_bLucia
_c55
_dLucia Elande
942 _cBK
999 _c21355
_d21355